TPOT 5 Quiz - Statistics

General Stats
  • This quiz has been taken 45 times
  • The average score is 6 of 25
Answer Stats
Hint Answer % Correct
What does Two say to start the intro? My plates!
67%
What two teams were at the Cake at Stake? Death Pact Again Just Not
60%
What was the cake at Stake Prize? Ramen Noodles
57%
What two contestants were eliminated? Remote Naily
57%
Who gets kidnapped by TSTOE? TV
50%
How far is it? 2,762 Miles
33%
Where do one of the items end up going to? Yellow Face's Warehouse
33%
Does she press the self destruct button? Yes
30%
What strategy does Death Pact Again use? Yoyle Dance
30%
What items do Team8s end up ordering (any one of them works) Fishing Rod/Vacuum/World's Strongest Magnet
23%
What does Are You Okay? Use in the challenge? Basketball's Breathable Bubbles
17%
What does TSTOE use in the challenge? Golf Ball's Robotic Fish Monster
17%
What two teams are up for elimination? The Strongest Team On Earth Are You Okay/TSTOE Are You Ok?
13%
What is Just Not's Strategy? Fly Into The Sky/ Change the Definition of Gravity
10%
What was the challenge in this episode? Recover the shiny plates
10%
What do Puffball and Fries do in the challenge? Mess with the other teams
7%
How does Teardrop compete in the challenge? She combines with the water/ she fuses with the water
7%
What store does Coiny use in the challlenge? Stuff for Your Sellf Online Store/ The Stuff for Yourself Online Store
7%
What does TV suggest? That Robot Flower presses the self destruct button
7%
How does The S! Get a plate? Winner stole it from Death Pact Again
7%
How does Just Not get a plate? Pillow falls into the water, landing near the plates
3%
How does The S! Compete? They froze the surface with Ice Cube
3%
What does TSTOE do to try to find the plates? They tried to communicate with the Fish Monster
3%
How does Death Pact Again get a plate? Tree stole it from Eraser
3%
What makes Robot Flower Mad? When TSTOE tried to mislead the Fish Monster
3%
No matching quizzes found
Score Distribution
Percent of People with Each Score
Percentile by Number Answered
Your Score History
You have not taken this quiz